LEADER 04352nam 2200721 450 001 9910787179903321 005 20230803205100.0 010 $a90-04-24617-7 024 7 $a10.1163/9789004246171 035 $a(CKB)3710000000239486 035 $a(EBL)1786609 035 $a(SSID)ssj0001333901 035 $a(PQKBManifestationID)11795635 035 $a(PQKBTitleCode)TC0001333901 035 $a(PQKBWorkID)11393868 035 $a(PQKB)11099954 035 $a(MiAaPQ)EBC1786609 035 $a(OCoLC)890982328$z(OCoLC)891697547 035 $a(nllekb)BRILL9789004246171 035 $a(Au-PeEL)EBL1786609 035 $a(CaPaEBR)ebr10930771 035 $a(CaONFJC)MIL644039 035 $a(OCoLC)890982328 035 $a(EXLCZ)993710000000239486 100 $a20140925h20142014 uy 0 101 0 $aeng 135 $aur|n|---||||| 181 $ctxt 182 $cc 183 $acr 200 10$aTheoretical and experimental aspects of syntax-discourse interface in heritage grammars /$fTanya Ivanova-Sullivan 210 1$aLeiden, Netherlands :$cBrill,$d2014. 210 4$dİ2014 215 $a1 online resource (220 p.) 225 1 $aEmpirical Approaches to Linguistic Theory,$x2210-6243 ;$vVolume 6 300 $aDescription based upon print version of record. 311 $a1-322-12786-7 311 $a90-04-24616-9 320 $aIncludes bibliographical references and index. 327 $tPreliminary Material /$rTanya Ivanova-Sullivan --$tIntroduction /$rTanya Ivanova-Sullivan --$t1 Methodology and Sociolinguistic Findings /$rTanya Ivanova-Sullivan --$t2 Input and Order of Acquisition as Variables in the Study /$rTanya Ivanova-Sullivan --$t3 Syntactic and Discourse-Pragmatic Conditions on the Distribution of Null and Overt Subjects in Russian /$rTanya Ivanova-Sullivan --$t4 Optionality in Bilingual Grammars: Establishing Anaphoric Dependencies in Pro-Drop Languages /$rTanya Ivanova-Sullivan --$t5 Anaphoric Pronouns in Oral Production /$rTanya Ivanova-Sullivan --$t6 Deictic Pronouns in Oral Production /$rTanya Ivanova-Sullivan --$t7 Anaphora Resolution in Globally Ambiguous Contexts /$rTanya Ivanova-Sullivan --$t8 Pronominal Resolution and Coherence Relations /$rTanya Ivanova-Sullivan --$t9 Pedagogical Implications of the Study /$rTanya Ivanova-Sullivan --$tConclusions /$rTanya Ivanova-Sullivan --$tAppendix 1 /$rTanya Ivanova-Sullivan --$tAppendix 2 /$rTanya Ivanova-Sullivan --$tReferences /$rTanya Ivanova-Sullivan --$tIndex /$rTanya Ivanova-Sullivan. 330 $aIn Theoretical and Experimental Aspects of Syntax-Discourse Interface in Heritage Grammars , Tanya Ivanova-Sullivan investigates comprehension and production of anaphoric dependencies with null and overt subject pronouns. She discusses the divergent behaviour of the heritage speakers of Russian by providing a closer look at their proficiency level, quantity of input and order of language acquisition. She explains the results with various degrees of successful application of pragmatic principles and efficiency in allocating cognitive resources. The contribution of the monograph lies in the discussion of theoretical and experimental issues related to anaphora resolution along with an investigation of all aspects of representation and processing of anaphoric pronouns by various kinds of bilinguals: heritage speakers, L2 learners and L1 attriters. 410 0$aEmpirical approaches to linguistic theory ;$vVolume 6. 606 $aRussian language$xGrammar, Historical 606 $aRussian language$xSyntax 606 $aRussian language$xPronouns 606 $aAnaphora (Linguistics) 606 $aRussian language$xStudy and teaching$xForeign speakers 606 $aEducation, Bilingual 615 0$aRussian language$xGrammar, Historical. 615 0$aRussian language$xSyntax. 615 0$aRussian language$xPronouns. 615 0$aAnaphora (Linguistics) 615 0$aRussian language$xStudy and teaching$xForeign speakers. 615 0$aEducation, Bilingual. 676 $a491.75 700 $aIvanova-Sullivan$b Tanya$01567239 801 0$bMiAaPQ 801 1$bMiAaPQ 801 2$bMiAaPQ 906 $aBOOK 912 $a9910787179903321 996 $aTheoretical and experimental aspects of syntax-discourse interface in heritage grammars$93838476 997 $aUNINA LEADER 05400nam 22007455 450 001 9910299452503321 005 20200706220434.0 010 $a3-319-13221-0 024 7 $a10.1007/978-3-319-13221-1 035 $a(CKB)3710000000311692 035 $a(EBL)1968621 035 $a(OCoLC)908090112 035 $a(SSID)ssj0001408071 035 $a(PQKBManifestationID)11933651 035 $a(PQKBTitleCode)TC0001408071 035 $a(PQKBWorkID)11346456 035 $a(PQKB)10018139 035 $a(DE-He213)978-3-319-13221-1 035 $a(MiAaPQ)EBC1968621 035 $a(PPN)183150619 035 $a(EXLCZ)993710000000311692 100 $a20141203d2015 u| 0 101 0 $aeng 135 $aur|n|---||||| 181 $ctxt 182 $cc 183 $acr 200 10$aApplication of Geochemical Tracers to Fluvial Sediment /$fby Jerry R. Miller, Gail Mackin, Suzanne M. Orbock Miller 205 $a1st ed. 2015. 210 1$aCham :$cSpringer International Publishing :$cImprint: Springer,$d2015. 215 $a1 online resource (148 p.) 225 1 $aSpringerBriefs in Earth Sciences,$x2191-5369 300 $aDescription based upon print version of record. 311 $a3-319-13220-2 320 $aIncludes bibliographical references. 327 $aIntroduction -- Geochemical Fingerprinting -- Fallout Radionuclides -- Radiogenic Isotopes -- Stable ?Non-Traditional? Isotopes -- Abbreviations, Unit Conversions, and Elemental Data. 330 $aThis book takes an in-depth look at the theory and methods inherent in the tracing of riverine sediments.  Examined tracers include multi-elemental concentration data, fallout radionuclides (e.g., 210Pb, 137Cs, 7Be), radiogenic isotopes (particularly those of Pb, Sr, and Nd), and novel (?non-traditional?) stable isotopes (e.g., Cd, Cu, Hg, and Zn), the latter of which owe their application to recent advances in analytical chemistry. The intended goal is not to replace more ?traditional? analyses of the riverine sediment system, but to show how tracer/fingerprinting studies can be used to gain insights into system functions that would not otherwise be possible. The text, then, provides researchers and catchment managers with a summary of the strengths and limitations of the examined techniques in terms of their temporal and spatial resolution, data requirements, and the uncertainties in the generated results. The use of environmental tracers has increased significantly during the past decade because it has become clear that documentation of sediment and sediment-associated contaminant provenance and dispersal is essential to mitigate their potentially harmful effects on aquatic ecosystems. Moreover, the use of monitoring programs to determine the source of sediments to a water body has proven to be a costly, labor intensive, long-term process with a spatial resolution that is limited by the number of monitoring sites that can be effectively maintained. Alternative approaches, including the identification and analysis of eroded upland areas and the use of distributed modeling routines also have proven problematic. The application of tracers within riverine environments has evolved such that they focus on sediments from two general sources: upland areas and specific, localized, anthropogenic point sources. Of particular importance to the former is the development of geochemical fingerprinting methods that quantify sediment provenance (and to a much lesser degree, sediment-associated contaminants) at the catchment scale. These methods have largely developed independently of the use of tracers to document the source and dispersal pathways of contaminated particles from point-sources of anthropogenic pollution at the reach- to river corridor-scale. Future studies are likely to begin merging the strengths of both approaches while relying on multiple tracer types to address management and regulatory issues, particularly within the context of the rapidly developing field of environmental forensics. 410 0$aSpringerBriefs in Earth Sciences,$x2191-5369 606 $aSedimentology 606 $aGeochemistry 606 $aEnvironmental health 606 $aHydrogeology 606 $aSedimentology$3https://scigraph.springernature.com/ontologies/product-market-codes/G17080 606 $aGeochemistry$3https://scigraph.springernature.com/ontologies/product-market-codes/G14003 606 $aEnvironmental Health$3https://scigraph.springernature.com/ontologies/product-market-codes/U18005 606 $aHydrogeology$3https://scigraph.springernature.com/ontologies/product-market-codes/G19005 615 0$aSedimentology. 615 0$aGeochemistry. 615 0$aEnvironmental health. 615 0$aHydrogeology. 615 14$aSedimentology. 615 24$aGeochemistry. 615 24$aEnvironmental Health. 615 24$aHydrogeology. 676 $a627.54 700 $aMiller$b Jerry R$4aut$4http://id.loc.gov/vocabulary/relators/aut$0125121 702 $aMackin$b Gail$4aut$4http://id.loc.gov/vocabulary/relators/aut 702 $aOrbock Miller$b Suzanne M$4aut$4http://id.loc.gov/vocabulary/relators/aut 801 0$bMiAaPQ 801 1$bMiAaPQ 801 2$bMiAaPQ 906 $aBOOK 912 $a9910299452503321 996 $aApplication of Geochemical Tracers to Fluvial Sediment$92530886 997 $aUNINA